000 00732nam a2200229Ii 4500
003 JO-AjNU
008 230605s9999||||xx |||||||||||||| ||und||
017 _a2006/8/2196
020 _a9957-02-256-3
040 _aJO-AjNU
_bara
_erda
_cJO-AjNU
041 _aara
050 1 4 _aBF639.H37.2006
100 3 _aحسنين،حسين محمد,
_eauthor
_921916
245 0 0 _aبناء الشبكات الذهنية=Building Mind Nets
250 _aط1
264 3 1 _aعمان:دار مجدلاوي للنشر والتوزيع ،2006
300 _a162ص
336 _atext
_btxt
_2rdacontent
337 _aunmediated
_bn
_2rdamedia
338 _avolume
_bnc
_2rdacarrier
650 4 _aالقدرات العقلية-التفكير
_921917
999 _aA7694
_c11262
_d11262